Sports Quiz

Random Sports or NFL Quiz

2016 NFL Opening Day Quarterbacks Quiz Stats

 Plays Quiz Updated Sep 11, 2016

Challenge
Share
Tweet
Embed
Score 0/92 Timer 12:00
6 Plays Today
Hint Answer % Correct
PatriotsTom Brady
94.8%
GiantsEli Manning
90.1%
ChiefsAlex Smith
89.3%
JetsGeno Smith
88.8%
PackersAaron Rodgers
88.5%
RavensJoe Flacco
88.3%
ColtsAndrew Luck
87.3%
SeahawksRussell Wilson
86.4%
BengalsAndy Dalton
86.1%
BillsTyrod Taylor
86%
PanthersCam Newton
85.9%
LionsMatthew Stafford
85%
DolphinsRyan Tannehill
84.5%
CardinalsCarson Palmer
84%
SaintsDrew Brees
83.8%
ChargersPhilip Rivers
83.6%
RaidersDerek Carr
83.5%
FalconsMatt Ryan
83.5%
CowboysTony Romo
83.3%
BearsJay Cutler
82.1%
SteelersBen Roethlisberger
82.1%
JetsRyan Fitzpatrick
81.4%
BrownsRobert Griffin III
81%
JaguarsBlake Bortles
80.7%
VikingsSam Bradford
80.6%
TitansMarcus Mariota
80.3%
RedskinsKirk Cousins
80.1%
EaglesCarson Wentz
79.4%
CowboysDak Prescott
79%
49ersColin Kaepernick
78.3%
TexansBrock Osweiler
75.2%
Hint Answer % Correct
BuccaneersJameis Winston
74.3%
BuccaneersRyan Griffin
73.1%
RamsJared Goff
72.4%
VikingsTeddy Bridgewater
72.4%
49ersBlaine Gabbert
64.3%
CowboysMark Sanchez
64%
BrownsJosh McCown
62.1%
SaintsLuke McCown
61.6%
BillsEJ Manuel
59.2%
SteelersLandry Jones
58.6%
BillsCardale Jones
58.4%
PatriotsJimmy Garoppolo
58.2%
BroncosPaxton Lynch
57.1%
RamsCase Keenum
56.5%
BroncosTrevor Siemian
54.9%
BearsBrian Hoyer
49.6%
DolphinsMatt Moore
49.6%
CowboysKellen Moore
49%
BengalsAJ McCarron
49%
PanthersDerek Anderson
47.5%
VikingsShaun Hill
45%
ChiefsNick Foles
44.1%
PatriotsJacoby Brissett
43.7%
FalconsMatt Schaub
42.9%
RedskinsColt McCoy
38.6%
JaguarsChad Henne
38.4%
EaglesChase Daniel
37.9%
JetsBryce Petty
37.5%
JetsChristian Hackenberg
34.3%
CardinalsDrew Stanton
33.9%
TitansMatt Cassel
33.5%
Hint Answer % Correct
GiantsJosh Johnson
33.5%
BrownsCody Kessler
33%
TexansTom Savage
30.3%
RavensRyan Mallett
29.1%
BuccaneersMike Glennon
29%
SteelersZach Mettenberger
28.4%
RaidersMatt McGloin
27.2%
ColtsScott Tolzien
27.1%
PackersBrett Hundley
27%
GiantsRyan Nassib
26%
TexansBrandon Weeden
25.4%
RaidersConnor Cook
22.3%
49ersChristian Ponder
21%
BroncosAustin Davis
20.6%
LionsDan Orlovsky
20.1%
SeahawksTrevone Boykin
19.7%
PanthersJoe Webb
17.9%
SteelersBruce Gradkowski
15.7%
ChargersKellen Clemens
15.2%
RamsSean Mannion
14%
49ersThad Lewis
10.1%
JaguarsBrandon Allen
7.9%
ChiefsTyler Bray
7.9%
BengalsJeff Driskel
7.6%
BearsConnor Shaw
7.1%
PackersJoe Callahan
6.4%
RedskinsNate Sudfeld
5.6%
DolphinsBrandon Doughty
4.4%
TitansAlex Tanney
4.4%
VikingsTaylor Heinicke
4.3%

You're not logged in!

Compare scores with friends on all Sporcle quizzes.
OR
Log In

You Might Also Like...

Show Comments

Extras

Top Quizzes Today


Score Distribution

Your Account Isn't Verified!

In order to create a playlist on Sporcle, you need to verify the email address you used during registration. Go to your Sporcle Settings to finish the process.

Report this User

Report this user for behavior that violates our Community Guidelines.

Details: